000
00297nam a22001097a 4500
008
170124b xxu||||| |||| 00| 0 eng d
020
_a
1435439893x
041
_a
eng
080
_a
618.2
245
_a
CASE STUDIES IN MEDICAL-SURGICAL PHARMACOLOGICAL PSYCHIATRIC NURSING
_c
ANKER, G.M
942
_2
udc
_c
BK
999
_c
3471
_d
3471